| 000 | 01258nam a22002537a 4500 | ||
|---|---|---|---|
| 003 | OSt | ||
| 005 | 20240924104808.0 | ||
| 008 | 211215b ||||| |||| 00| 0 eng d | ||
| 020 | _a0141007494 | ||
| 040 | _cAL | ||
| 041 | _aeng | ||
| 082 |
_223 _a307.722 _bDSOB |
||
| 100 |
_aDilip Dsouza _9180037 |
||
| 245 | _aBranded by law: Looking at India's Denotified Tribes | ||
| 260 |
_aNew Delhi: _bPenguin Books, _c2001. |
||
| 300 |
_axxiv,200 p. _bPB _c20x13 cm. |
||
| 365 |
_b200.00 _c₹ _d200.00 |
||
| 520 | _aThis book is the result of the author's travels to meet with and talk to India's once-criminal - now denotified - tribes all over the country. Dilip D'Souza examines the lives of these people and explores what it means to brand entire communities criminal, to live your life treated as a criminal simply because you are born in that community. The book also traces the historical and political reasons certain tribes were notified 'criminal' by the British, the constitutional attempts to denotify them after Independence and their current situation. | ||
| 650 |
_aLaw-Tribes _911677 |
||
| 650 |
_aBranded as Criminals Tribe _911678 |
||
| 650 |
_aPolice Administration Attitudes _911679 |
||
| 700 |
_aDSOUZA (Dilip) _911680 |
||
| 942 |
_2ddc _cGF |
||
| 999 |
_c220951 _d220951 |
||